000 00273nam a22001097a 4500
082 _a340
100 _aGarg,Sandeep
_983356
245 _aThe Bharatiya Nagarik Suraksha Sanhita,2023
260 _aDelhi
_bCommercial Law Publishers
_c2025
650 _aLAW
942 _cC. BOOKS
999 _c68232
_d68232